| 000 | 00967nam a22002537a 4500 | ||
|---|---|---|---|
| 005 | 20170124103006.0 | ||
| 010 | _aA-914624 | ||
| 020 | _c100.00 | ||
| 035 | _aA-914624 | ||
| 037 | _bCen Lib/Ret | ||
| 040 |
_aDPL _bHN |
||
| 082 |
_aउ _bरचना |
||
| 100 |
_aरचना प्रकाश _9210 |
||
| 245 |
_aरेखा-चक्र / _cरचना प्रकाश |
||
| 246 |
_aRekha- chakar / _bby Rachna Prakash |
||
| 260 |
_aनई दिल्ली _bशारदा प्रकाशन _c1997 |
||
| 270 |
_a16ऍफ़-3, अंसारी रोड, दरयागंज _bनई दिल्ली _e110002 |
||
| 300 |
_a227पृ. _c16सेमी(सजिल्द ) |
||
| 650 |
_aहिंदी साहित्य _x _z _956259 |
||
| 650 |
_aहिंदी उपन्यास _956260 |
||
| 650 |
_ahindi literature _v _956261 |
||
| 650 |
_aHindi fiction _927248 |
||
| 942 |
_2ddc _cHN _hउ _mरचना |
||
| 999 |
_c114297 _d114297 |
||